| 000 | 00789nam a2200205Ia 4500 | ||
|---|---|---|---|
| 003 | GCL | ||
| 008 | 140319s9999 xx 000 0 ara d | ||
| 040 |
_aGCL / _cGCL |
||
| 082 | 0 | 4 |
_a790.43 _bج ا |
| 100 | 1 | _aجورج مدبك | |
| 245 | 1 | 0 |
_aالسينما الصامته ج1 السينما خلال سنوات الحرب العالمية الثانية (1945-1939) / _cجورج مدبك |
| 260 |
_a[S.N] : _bدار الراتب الجامعية |
||
| 490 |
_aموسوعة السينما المصورة فى العالم _v0 |
||
| 650 | 0 | 4 | _aالات التصوير |
| 650 | 0 | 4 | _aالافلام السينمائية |
| 650 | 0 | 4 | _aالاخراج السينمائى |
| 650 | 0 | 4 | _aالتصوير السينمائى |
| 650 | 0 | 4 | _aالممثلون والممثلات |
| 942 |
_2ddc _cBK |
||
| 999 |
_c56230 _d56230 |
||